000 00614nam a2200229Ia 4500
008 180523s9999 xx 000 0 und d
020 _a9812-531-71-8
050 _aMAIN HF 5549
050 _b.D43 2005
100 _aDecenzo, David A.
245 0 _aFundamentals of human resource management /
245 0 _cDavid A. DeCenzo, Stephen P. Robbins.
250 _a8th Edition
260 _aNew Jersey :
260 _bJohn Wiley & Sons,
260 _c2005
300 _a425 pages :
300 _billustrations ;
300 _c25 cm.
500 _aIncludes index.
650 _aHuman resource management.
999 _c357143
_d357143